عرض عادي
عرض مارك
- Simiu, Emil.
مدخل إسم شخص
001 - رقم الضبط
- حقل الضبط: 8803
003 - معرف رقم الضبط
- حقل الضبط: OSt
005 - تاريخ ووقت أخر عملية
- حقل الضبط: 20111220191338.0
008 - عناصر بيانات ثابتة الطول
- حقل تحكم ثابت الطول: 111220|||a|||||| | ||| d
040 ## - مصدر الفهرسة
- هيئة الفهرسة الأصلية: OSt
- وكالة الكتابة: OSt
100 ## - مدخل -- أسم شخص
- إسم شخص: Simiu, Emil.
670 ## - بيانات المصدر موجوده
- الاستشهاد بالمصدر: Work cat.: (OSt)3618: Simiu, Emil., Chaotic transitions in deterministic and stochastic dynamical systems :, c2002.
